| 000 | 00834nam a22002777a 4500 | ||
|---|---|---|---|
| 001 | 9958 | ||
| 003 | FISKH | ||
| 005 | 20260319133444.0 | ||
| 008 | 260319b cb ||||| |||| 00| 0 eng d | ||
| 020 | _a0590459856 | ||
| 040 |
_aFISKH _beng _cFISKH _dFISKH |
||
| 050 | _aPZ7 .W6685 .T | ||
| 082 | _a813.6 | ||
| 100 |
_aWilliams, Vera B. _eAuthor |
||
| 245 |
_aThree days on a river in a red canoe / _cby Vera B. Williams |
||
| 260 |
_aNew York : _bScholastic Inc. , _c1981 |
||
| 300 |
_a30 unnumbered pages : _bcolor illustrations ; _c21 x 25 cm |
||
| 505 | _aN | ||
| 520 | _aMother, Aunt Rosie, and two children make a three-day camping trip by canoe. | ||
| 521 | 8 |
_a560
_bLexile AD |
|
| 521 | 8 |
_aN
_bRaz-Plus |
|
| 650 |
_aAdventure _vCamping |
||
| 650 |
_aNature _vPicture book |
||
| 942 |
_2ddc _cBK _n0 |
||
| 999 |
_c9958 _d9958 |
||